000 00426nam a2200181Ia 4500
001 22545
005 20260414150838.0
008 260414t2005||||xx |||||||||||||| ||spa||
041 _aESP
082 _a621.382
_bH89
100 _aHuidobro Moya, José Manuel
_eAUT
245 0 _aSistemas telemáticos
_b
260 _c2005
300 _a244 páginas :
_c\N
650 _aTCA
654 _aCET
942 _cLIB
_dJUS
_fJUS
_2ddc
_n
999 _c22545
_d22545